| 000 | 01769nam a22002537a 4500 | ||
|---|---|---|---|
| 003 | Uzh_bibl | ||
| 008 | 260420b |||||||| |||| 00| 0 ukr d | ||
| 020 |
_a966-511-253-8 _c12.77 |
||
| 040 | _bукр. | ||
| 080 | _a94(477) | ||
| 090 |
_a94(477) _bМ 49 |
||
| 100 | _a | ||
| 245 |
_aМемуари до історії Південної Русі _cза редакцією В Антоновича _hТекст |
||
| 260 |
_aДніпропетровськ _bСіч _c2005 |
||
| 300 |
_a219 с. _fВ опр. |
||
| 490 | _vВипуск 1 (XVI ст.) | ||
| 520 | _aДо книги за редакцією В. Б. Антоновича (1834-1908) - історика, археографа, археолога, професора історії Київського університету ввійшли мемуари XVI століття: "Про звичаї татар, литовців і москвитян" (1550) Михайла Литвина; "Опис Польського королівства і порубіжних з ним країн" (1573) Блеза де Віженера; "Опис війни Івонії, господаря волоського" (1574) Леонарда Горецького та "Щоденник Єріха Ляссоти із Стеблева" (1588-1594). Збірник виходить через 115 років з часу першого видання. Вперше - українською мовою. | ||
| 521 | _aДля широкого кола читачів | ||
| 546 | _aукр. | ||
| 650 |
_aДокументальне видання _vІсторія України |
||
| 653 |
_aКозаки _aТурецька каторга _aПохід до Криму |
||
| 655 | _aМемуари | ||
| 942 |
_2udc _cBK |
||
| 999 |
_c17391 _d17391 |
||